000 00507nam a2200181Ia 4500
003 OSt
005 20251111085733.0
008 250729s2007 xx 000 0 und d
040 _cAL
041 _akan
082 _a370.71 YADB
100 _aಯಾದವಾಡ ಎಸ್ ಬಿ
_9224146
245 _aಬೋಧನಾ ಕೌಸಲ್ಯಗಳು ಹಾಗೂ ಕಾರ್ಯತಂತ್ರಗಳು
260 _aಗದಗ
_c2007
300 _a258p
650 _aEducation
_9224147
942 _2ddc
_cBED
999 _c236266
_d236266